Eugenio Delacroix /monografía por Alberto Martini, traducción por Julio Gómez de la Serna

Spremljeno u:
Bibliografski detalji
Glavni autor: Martini, Alberto (autor)
Daljnji autori: I. Payró, Julio E; nota ed. -- II. Gibelli, Nicolás J; director -- III. Gómez de la Serna, Julio; trad. (autor) (autor)
Format: Knjiga
Serija:Pinacoteca de los genios; 22
Teme:
Oznake: Dodaj oznaku
Bez oznaka, Budi prvi tko označuje ovaj zapis!

MARC

LEADER 00000nam^a2200000^u^4500
001 000546968
005 20250521000000.0
008 060220s1000^^^^^^^^^^^^r^^^^^000^0^spa^d
009 20260310131421.304
035 |a FMI 000016660 
037 |a Acervo Xavier Clavigero 
096 |a 9.3/38/E/v.22 
100 |a Martini, Alberto  |e (autor) 
245 1 0 |a Eugenio Delacroix /monografía por Alberto Martini, traducción por Julio Gómez de la Serna 
264 |a Bs. Aires: Codex, 1964 
300 |a 14 hojas / 35 cm 
336 |a texto  |b txt  |2 rdacontenido 
337 |a sin mediación  |b n  |2 rdamedio 
338 |a volumen  |b nc  |2 rdasoporte 
440 0 |a Pinacoteca de los genios; 22 
597 |a [Incluye una nota editorial titulada] El juicio del siglo XX, por Julio E. Payró 
649 |a XX 
650 |a Pintura 
740 |a t. I. Pinacoteca de los genios. La más grandiosa colección de arte del mundo 
700 |a I. Payró, Julio E; nota ed. -- II. Gibelli, Nicolás J; director -- III. Gómez de la Serna, Julio; trad.  |e (autor) 
910 |a Fondo Francisco Migoya Covarrubias S.J. 
920 |a Impresos - Libros 
930 |a Fondos Especiales 
905 |a 134 
901 |a SBC02953  |b IT2  |c ESP  |u 20250521 
902 |a https://opac.biblio.iteso.mx/vufind/Record/000546968